Colección diplomática de la catedral de Huesca / (Record no. 184570)
[ view plain ]
| 000 -LEADER | |
|---|---|
| campo de control de longitud fija | 00984nam a2200217 i 4500 |
| 001 - NÚMERO DE CONTROL | |
| campo de control | 184570 |
| 003 - IDENTIFICADOR DE NÚMERO DE CONTROL | |
| campo de control | ES-MaACL |
| 005 - FECHA Y HORA DE LA ÚLTIMA TRANSACCIÓN | |
| campo de control | 20250815041605.0 |
| 008 - DATOS DE LONGITUD FIJA--INFORMACIÓN GENERAL | |
| campo de control de longitud fija | 151023m19651969sp |||| | spa d |
| 245 00 - MENCIÓN DEL TÍTULO | |
| Título | Colección diplomática de la catedral de Huesca / |
| Mención de responsabilidad, etc. | edición de Antonio Durán Gudiol. |
| 260 ## - PUBLICACIÓN, DISTRIBUCIÓN, ETC. | |
| Lugar de publicación, distribución, etc. | Zaragoza : |
| Nombre del editor, distribuidor, etc. | Escuela de Estudios Medievales : |
| -- | Instituto de Estudios Pirenaicos, |
| Fecha de publicación, distribución, etc. | 1965-1969. |
| 300 ## - DESCRIPCIÓN FÍSICA | |
| Extensión | 2 v. (861 p.) ; |
| Dimensiones | 25 cm. |
| 490 1# - MENCIÓN DE SERIE | |
| Mención de serie | Fuentes para la Historia del Pirineo ; |
| Designación de volumen o secuencia | 5-6 |
| 490 1# - MENCIÓN DE SERIE | |
| Mención de serie | Textos / Escuela de Estudios Medievales ; XXXIV. Publicaciones de la Sección de Zaragoza ; |
| Designación de volumen o secuencia | 10-11 |
| 610 1# - PUNTO DE ACCESO ADICIONAL DE MATERIA--NOMBRE DE ENTIDAD CORPORATIVA | |
| Nombre de entidad corporativa o nombre de jurisdicción como elemento de entrada | Huesca (Diócesis)- |
| Subdivisión general | Historia- |
| Subdivisión de forma | Fuentes. |
| 9 (RLIN) | 157985 |
| 700 0# - ENTRADA AGREGADA--NOMBRE PERSONAL | |
| Nombre de persona | Duran Gudiol, Antonio. |
| 9 (RLIN) | 46220 |
| 830 00 - PUNTO DE ACCESO ADICIONAL DE SERIE-TÍTULO UNIFORME | |
| Título uniforme | Fuentes para la historia del Pirineo |
| Designación de volumen o secuencia | 5-6 |
| 9 (RLIN) | 225094 |
| 830 0# - PUNTO DE ACCESO ADICIONAL DE SERIE-TÍTULO UNIFORME | |
| Título uniforme | Textos / Escuela de Estudios Medievales ; XXXIV. Publicaciones de la Sección de Zaragoza ; |
| Designación de volumen o secuencia | 10-11 |
| 9 (RLIN) | 225095 |
| 852 ## - LOCALIZACIÓN | |
| Ubicación | ES-MaACL |
| Número de control de estantería | C-37430-31 |
| Estatus retirado | Estado de pérdida | Estado de daño | No para préstamo | Biblioteca de origen | Biblioteca actual | Ubicación en estantería | Fecha de adquisición | Fuente de adquisición | Total de préstamos | Signatura topográfica completa | Código de barras | Visto por última vez | Precio de reemplazo | Tipo de ítem Koha |
|---|---|---|---|---|---|---|---|---|---|---|---|---|---|---|
| Biblioteca del Ateneo de Madrid | Biblioteca del Ateneo de Madrid | Depósito 2 | 23/10/2015 | C-37430-31 | 1194318 | 23/02/2023 | 23/02/2023 | Libro impreso |
